Cẩm nang nghiệp vụ Y tế và vệ sinh an toàn thực phẩm học đường 2012 hướng dẫn các biện pháp phòng ngừa dịch, bệnh mới nhất
Sparad:
| Materialtyp: | Bok |
|---|---|
| Språk: | Vietnamese |
| Publicerad: |
Hà Nội
Lao động
2011
|
| Ämnen: | |
| Taggar: |
Lägg till en tagg
Inga taggar, Lägg till första taggen!
|
| Thư viện lưu trữ: | Trung tâm Học liệu Lê Vũ Hùng, Trường Đại học Đồng Tháp |
|---|
| LEADER | 00837aam a22002178a 4500 | ||
|---|---|---|---|
| 001 | 00027453 | ||
| 005 | 20171026081023.0 | ||
| 008 | 111114s2011 ||||||viesd | ||
| 020 | |c 299000 | ||
| 041 | 0 | # | |a vie |
| 082 | 1 | 4 | |a 344.597 |b C120N |
| 245 | 0 | 0 | |a Cẩm nang nghiệp vụ Y tế và vệ sinh an toàn thực phẩm học đường 2012 hướng dẫn các biện pháp phòng ngừa dịch, bệnh mới nhất |
| 260 | # | # | |a Hà Nội |b Lao động |c 2011 |
| 300 | # | # | |a 516tr. |c 28cm |
| 650 | # | 4 | |x Văn bản pháp quy |z Việt Nam |a Y tế |x Cẩm nang |
| 653 | # | # | |a Giáo dục |
| 653 | # | # | |a Vệ sinh |
| 852 | # | # | |b Kho đọc |j KD.0012065 |
| 852 | # | # | |j KD.0012065 |
| 910 | 0 | # | |a Ntuyet |d 14/11/2011 |
| 980 | # | # | |a Trung tâm Học liệu Lê Vũ Hùng, Trường Đại học Đồng Tháp |